000 00533nam a2200157 4500
001 137976
003 ES-MaACL
005 20230906195458.0
007 t|
008 070214s1961 sp r ||||1| spa d
100 1 _aSánchez Gamborino, Francisco Miguel.
_9102655
245 1 0 _aDoctrina contencioso-administrativa del Tribunal Supremo
_b: transportes y comunicaciones /
_cFrancisco Miguel Sánchez Gamborino.
260 _aMadrid :
_bAguilar,
_c1961.
300 _aXVIII, 1148 p. ;
_c23 cm.
852 _aES-MaACL
_jC-20316
_bR.48698
999 _c137976
_d137976